|
|
|
|
| LEADER |
00864aam a22003018a 4500 |
| 001 |
00033286 |
| 005 |
20171026081025.0 |
| 008 |
150601s2012 ||||||viesd |
| 020 |
|
|
|c 84000
|
| 041 |
0 |
# |
|a vie
|
| 082 |
1 |
4 |
|a 572
|b E203H
|
| 100 |
1 |
# |
|a Nguyễn, Văn Mùi
|
| 245 |
1 |
0 |
|a Enzym học
|c Nguyễn Văn Mùi
|
| 260 |
# |
# |
|a Hà Nội
|b Giáo dục
|c 2012
|
| 300 |
# |
# |
|a 443 tr.
|c 24 cm.
|
| 504 |
# |
# |
|a Thư mục: tr.439-433
|
| 653 |
# |
# |
|a Enzyme
|
| 653 |
# |
# |
|a Sinh học
|
| 653 |
# |
# |
|a Nghiên cứu
|
| 653 |
# |
# |
|a Hóa sinh học
|
| 852 |
# |
# |
|b Kho mượn
|j KM.0018016, KM.0018017, KM.0018017
|
| 852 |
# |
# |
|j KD.0016690
|j KM.0018016
|j KM.0018017
|
| 852 |
# |
# |
|b Kho đọc
|j KD.0016690
|
| 910 |
0 |
# |
|d 1/6/2015
|a kchi
|
| 980 |
# |
# |
|a Trung tâm Học liệu Lê Vũ Hùng, Trường Đại học Đồng Tháp
|